KOHA-Header-6

Introduction to Logic (Record no. 6481)

000 -LEADER
fixed length control field 00264nam a2200109Ia 4500
100 ## - MAIN ENTRY--AUTHOR NAME
Personal name Copi,Irving M.
245 #0 - TITLE STATEMENT
Title Introduction to Logic
260 ## - PUBLICATION, DISTRIBUTION, ETC. (IMPRINT)
Place of publication New Jersey
Name of publisher Willey Student
Year of publication 2004
300 ## - PHYSICAL DESCRIPTION
Number of Pages 647
942 ## - ADDED ENTRY ELEMENTS (KOHA)
Koha item type Books
Holdings
Withdrawn status Lost status Collection code Permanent Location Current Location Shelving location Date acquired Full call number Accession Number Koha item type
    Psychology MAJU MAJU Shelf No.A35 2019-09-07 658.4012 5327 Psychology

Powered by Koha